| 000 | 00703 a2200181 4500 | ||
|---|---|---|---|
| 020 | _a0691023530 | ||
| 020 | _a9780691023533 | ||
| 082 | 0 | 4 | _a513.7 |
| 090 |
_c862 _d862 |
||
| 100 | 1 | _aEisenhart, Luther Pfahler. | |
| 245 | 1 | 0 |
_aRiemannian geometry / _cLuther Pfahler Eisenhart. |
| 260 |
_a[S.l.] : _bPrinceton University Press, _c1997. |
||
| 300 |
_a272 p. ; _c23 cm. |
||
| 700 | _aEisenhart, Luther Pfahler. | ||
| 942 |
_aSNS _cBK _k513.7 EIS |
||
| 999 |
_c29485 _d29485 |
||